000 00783nam a2200241 i 4500
001 183570
003 ES-MaACL
005 20231107123723.0
008 140722s2014 sp c | |||||||| |dspa d
020 _a978-84-15916-32-1
080 _a82"19/20"
245 0 0 _aAmores infieles
_b: en el salón de las voces vírgenes /
_cAntonino Nieto Rodríguez (coord.).
250 _a1ª ed.
260 _aMadrid :
_bPigmalión,
_cimp.2014.
300 _a430 p. :
_bretr. ;
_c21 cm.
650 0 7 _aLiteratura-
_yS.XX.
_914497
650 7 _aLiteratura-
_yS.XXI.
_9155050
700 1 _aNieto Rodríguez, Antonino.
_9152971
852 _aES-MaACL
_jA-13179
_9190512
_bR.150094
_cDEPO1
_dOlim: N-6179
942 _2udc
_cMONOGRAFIA
999 _c183570
_d183570